| 000 | 00715nam a22001817a 4500 | ||
|---|---|---|---|
| 003 | UA-OsUOA | ||
| 001 | 13835 | ||
| 007 | ta | ||
| 008 | 20030622b un ||||| |||| 00| 0 ukr d | ||
| 100 | _aДзюбанюк М. | ||
| 942 | _cSA | ||
| 040 |
_aUA-OsUOA _cUA-OsUOA _dUA-OsUOA |
||
| 245 |
_a" Не вічно нам бути рабами свого внутрішнього страху" _b[Бесіда з першим секретарем Радивилів. район. орг. Соц. партії України М.Дзюбанюком] |
||
| 300 | _aС.3 | ||
| 955 | _a0 | ||
| 773 | 0 |
_w0 _tРівненський діалог _dРівне _d2003 _g№22/6 черв./ |
|
| 650 | 7 |
_aКраєзнавча робота _2UDC |
|
| 999 |
_c299996 _d299996 |
||